[Event "1st Bristol NY Open Tournament"]
[Site "Bristol Bridge & Clifton Chess"]
[Date "2024.12.29"]
[Round "4.29"]
[White "Zheng, Lucas"]
[Black "Hu, Hector"]
[Result "1-0"]
[WhiteElo "1502"]
[BlackElo "1405"]
[PlyCount "95"]
[GameId "2138255546675604"]
[EventDate "2024.12.27"]
[SourceTitle "Bristol_NY24_Fide_Open"]
[Source "David Tipper"]
[SourceDate "2025.02.16"]
[SourceVersion "1"]
[SourceVersionDate "2025.02.16"]
[SourceQuality "2"]

1. e4 c6 2. d4 d5 3. exd5 cxd5 4. Bd3 Nc6 5. c3 Nf6 6. h3 e5 7. dxe5 Nxe5 8. Qe2 Qe7 9. Bc2 Nc6 10. Bg5 Qxe2+ 11. Nxe2 Be7 12. O-O O-O 13. Nd2 Re8 14. Nf4 Kh8 15. Nf3 Be6 16. Ba4 h6 17. Bxf6 Bxf6 18. Rad1 Rad8 19. Rfe1 Rd6 20. Bc2 g6 21. Nxd5 Rxd5 22. Rxd5 Re7 23. Rdd1 Kg7 24. g4 g5 25. Rd2 Na5 26. Rde2 Kf8 27. Nd4 Bxd4 28. cxd4 Rd7 29. d5 Bxd5 30. Re8+ Kg7 31. Bf5 Rd6 32. Rd1 Bc6 33. Rg8+ Kxg8 34. Rxd6 Kg7 35. b4 Nc4 36. Rd4 Ne5 37. Be4 Bxe4 38. Rxe4 Nf3+ 39. Kg2 Nd2 40. Re7 b6 41. Rxa7 Nc4 42. a4 Kg6 43. Rc7 Ne5 44. a5 bxa5 45. bxa5 Nd3 46. a6 Nb4 47. a7 Nd5 48. Rc6+ 1-0

[Event "1st Bristol NY Open Tournament"]
[Site "Bristol Bridge & Clifton Chess"]
[Date "2024.12.29"]
[Round "4.30"]
[White "Farms, Edward"]
[Black "Patel, Diah"]
[Result "1/2-1/2"]
[WhiteElo "1549"]
[BlackElo "1436"]
[PlyCount "74"]
[GameId "2138255546675605"]
[EventDate "2024.12.27"]
[SourceTitle "Bristol_NY24_Fide_Open"]
[Source "David Tipper"]
[SourceDate "2025.02.16"]
[SourceVersion "1"]
[SourceVersionDate "2025.02.16"]
[SourceQuality "2"]

1. e4 c6 2. d4 d5 3. Nc3 dxe4 4. Nxe4 Bf5 5. Ng3 Bg6 6. Nf3 Nd7 7. Be2 Ngf6 8. Bg5 e6 9. c3 Bd6 10. Qb3 Qc7 11. O-O O-O 12. Rfe1 h6 13. Bxf6 Nxf6 14. Rad1 Rad8 15. Bd3 Bxd3 16. Rxd3 c5 17. Rdd1 cxd4 18. Nxd4 Bxg3 19. hxg3 Ng4 20. Nxe6 Rxd1 21. Rxd1 fxe6 22. Qxe6+ Qf7 23. Qxg4 Qxf2+ 24. Kh2 Qxb2 25. Qc4+ Kh8 26. Qc5 Rf2 27. Rd8+ Kh7 28. Qd5 Qc2 29. Qxb7 Rf5 30. Rd4 Rh5+ 31. Rh4 Rxh4+ 32. gxh4 Qxc3 33. Qxa7 Qe5+ 34. g3 Qe2+ 35. Kh3 Qf1+ 36. Kh2 Qe2+ 37. Kh3 Qf1+ 1/2-1/2

[Event "1st Bristol NY Open Tournament"]
[Site "Bristol Bridge & Clifton Chess"]
[Date "2024.12.29"]
[Round "5.1"]
[White "Hill, Andy"]
[Black "Beaumont, Chris R"]
[Result "1-0"]
[WhiteElo "1965"]
[BlackElo "2161"]
[PlyCount "77"]
[GameId "2138255546675606"]
[EventDate "2024.12.27"]
[SourceTitle "Bristol_NY24_Fide_Open"]
[Source "David Tipper"]
[SourceDate "2025.02.16"]
[SourceVersion "1"]
[SourceVersionDate "2025.02.16"]
[SourceQuality "2"]

1. Nf3 Nf6 2. c4 g6 3. d4 Bg7 4. g3 O-O 5. Bg2 d5 6. cxd5 Nxd5 7. O-O Nb6 8. Nc3 Nc6 9. e3 Re8 10. Nh4 a5 11. f4 a4 12. Kh1 a3 13. b3 Nb4 14. Ne4 Nd7 15. Bd2 Na6 16. Rc1 c6 17. Qe1 Nc7 18. Ba5 b6 19. Bd2 Bb7 20. Nf2 Nf6 21. g4 e6 22. g5 Nfd5 23. Ng4 Nb5 24. Nf3 Rc8 25. b4 Qe7 26. e4 Ndc7 27. Nge5 Qd6 28. Be3 Na6 29. Rb1 Red8 30. Rb3 Bf8 31. Ng4 Bg7 32. Nf6+ Bxf6 33. gxf6 Nbc7 34. Qh4 Qf8 35. Ng5 h6 36. Bg1 Nb5 37. Rg3 Nbc7 38. Nf3 Ne8 39. f5 1-0

[Event "1st Bristol NY Open Tournament"]
[Site "Bristol Bridge & Clifton Chess"]
[Date "2024.12.29"]
[Round "5.2"]
[White "Ashworth, Michael J"]
[Black "Stubbs, Oliver"]
[Result "1/2-1/2"]
[WhiteElo "2011"]
[BlackElo "2173"]
[PlyCount "50"]
[GameId "2138255546675607"]
[EventDate "2024.12.27"]
[SourceTitle "Bristol_NY24_Fide_Open"]
[Source "David Tipper"]
[SourceDate "2025.02.16"]
[SourceVersion "1"]
[SourceVersionDate "2025.02.16"]
[SourceQuality "2"]

1. d4 Nf6 2. c4 g6 3. Nc3 Bg7 4. Nf3 O-O 5. g3 d5 6. Bg2 dxc4 7. Ne5 Nc6 8. Nxc6 bxc6 9. Bxc6 Rb8 10. Bg2 e6 11. O-O Nd5 12. Qa4 Bxd4 13. Qxc4 Rb4 14. Qd3 Bg7 15. Nxd5 exd5 16. Qxd5 Qxd5 17. Bxd5 Bxb2 18. Rb1 Bc3 19. Rxb4 Bxb4 20. Be3 Rd8 21. Bb3 Ba6 22. Rc1 c5 23. Bxc5 Rc8 24. Be3 Rxc1+ 25. Bxc1 Bxe2 1/2-1/2

[Event "1st Bristol NY Open Tournament"]
[Site "Bristol Bridge & Clifton Chess"]
[Date "2024.12.29"]
[Round "5.3"]
[White "Norris, Zack"]
[Black "Arkell, Keith C"]
[Result "0-1"]
[WhiteElo "1887"]
[BlackElo "2355"]
[PlyCount "102"]
[GameId "2138255546675608"]
[EventDate "2024.12.27"]
[SourceTitle "Bristol_NY24_Fide_Open"]
[Source "David Tipper"]
[SourceDate "2025.02.16"]
[SourceVersion "1"]
[SourceVersionDate "2025.02.16"]
[SourceQuality "2"]

1. c4 c5 2. Nc3 Nc6 3. g3 g6 4. Bg2 Bg7 5. e3 d6 6. Nge2 Nf6 7. O-O O-O 8. d4 Bg4 9. h3 cxd4 10. exd4 Bxe2 11. Nxe2 d5 12. b3 Rc8 13. c5 b6 14. cxb6 Qxb6 15. Be3 e6 16. Qd2 Qb4 17. Rac1 Qxd2 18. Bxd2 a5 19. a3 Nd7 20. a4 Rfe8 21. Rfd1 Bf8 22. Rc2 Ba3 23. Ra1 Bb4 24. Bxb4 Nxb4 25. Rxc8 Rxc8 26. Bf1 Nb8 27. Nf4 Rc3 28. Bb5 N8c6 29. Ne2 Rxb3 30. Rc1 Ne7 31. Rc7 Nf5 32. Ra7 Nc2 33. Rxa5 Nfxd4 34. Nxd4 Nxd4 35. Ra8+ Kg7 36. Bf1 Ra3 37. a5 Nf3+ 38. Kg2 Nd2 39. Bb5 Ne4 40. a6 Ra2 41. Rd8 Rxf2+ 42. Kg1 Ra2 43. Rd7 Nc5 44. Rd6 Ra5 45. Be2 d4 46. Rxd4 Nxa6 47. Rd7 Nc5 48. Rc7 Ne4 49. g4 Ra1+ 50. Kg2 Ra2 51. Kf3 Ng5+ 0-1

[Event "1st Bristol NY Open Tournament"]
[Site "Bristol Bridge & Clifton Chess"]
[Date "2024.12.29"]
[Round "5.4"]
[White "Davis, Colin J"]
[Black "Chua, Sebastien"]
[Result "0-1"]
[WhiteElo "2063"]
[BlackElo "2003"]
[PlyCount "116"]
[GameId "2138255546679705"]
[EventDate "2024.12.27"]
[SourceTitle "Bristol_NY24_Fide_Open"]
[Source "David Tipper"]
[SourceDate "2025.02.16"]
[SourceVersion "1"]
[SourceVersionDate "2025.02.16"]
[SourceQuality "2"]

1. Nf3 Nf6 2. e3 c5 3. c4 g6 4. d4 cxd4 5. exd4 d5 6. c5 Bg7 7. h3 O-O 8. Nc3 b6 9. cxb6 Qxb6 10. Bd3 Nc6 11. Na4 Qc7 12. O-O Ne4 13. Qc2 Qd6 14. Bxe4 Nb4 15. Qd2 dxe4 16. Ne5 Ba6 17. Rd1 Rad8 18. Nc5 Bxe5 19. Qxb4 Be2 20. Re1 Bxd4 21. Rxe2 Qxc5 22. Qxc5 Bxc5 23. Bh6 Rfe8 24. Rxe4 f6 25. Rc1 Bd4 26. Be3 Bxb2 27. Rb1 Be5 28. Bxa7 Rd7 29. Be3 Kf7 30. g3 Rc8 31. a4 Rc3 32. Kg2 Ra3 33. Bc5 Ra2 34. Rb3 Rd5 35. Ra3 Rb2 36. Be3 Ra5 37. Kf3 Bd6 38. Ra1 g5 39. Rc4 h5 40. Rc6 Rb4 41. Bd2 Rbxa4 42. Rxa4 Rxa4 43. Be3 h4 44. Rc8 hxg3 45. fxg3 Ra3 46. h4 g4+ 47. Ke4 Ra5 48. Bf4 Ra4+ 49. Ke3 Bxf4+ 50. gxf4 f5 51. Rh8 Re4+ 52. Kf2 Rxf4+ 53. Kg2 Rf3 54. Rh5 e6 55. Rh6 Rh3 56. Kf2 f4 57. h5 Rh2+ 58. Kg1 g3 0-1

[Event "1st Bristol NY Open Tournament"]
[Site "Bristol Bridge & Clifton Chess"]
[Date "2024.12.29"]
[Round "5.5"]
[White "Varley, Joe"]
[Black "Kothari, Jai"]
[Result "1-0"]
[WhiteElo "1927"]
[BlackElo "1964"]
[PlyCount "71"]
[GameId "2138255546679706"]
[EventDate "2024.12.27"]
[SourceTitle "Bristol_NY24_Fide_Open"]
[Source "David Tipper"]
[SourceDate "2025.02.16"]
[SourceVersion "1"]
[SourceVersionDate "2025.02.16"]
[SourceQuality "2"]

1. e4 c5 2. Nf3 Nc6 3. d4 cxd4 4. Nxd4 g6 5. c4 Bg7 6. Nc2 Nf6 7. Nc3 d6 8. Be2 O-O 9. O-O Bd7 10. Bg5 a6 11. Qd2 Re8 12. Rad1 Rc8 13. f3 Be6 14. b3 Qc7 15. Nd5 Bxd5 16. exd5 Nb8 17. Nd4 Nbd7 18. Rfe1 b5 19. cxb5 Nxd5 20. Kh1 Nc3 21. bxa6 Nxd1 22. Rxd1 Nc5 23. Bb5 Rf8 24. Nc6 Rfe8 25. Nb4 Nd7 26. Nd5 Qd8 27. b4 Rb8 28. Bc6 Rc8 29. Bb7 Rb8 30. Nxe7+ Rxe7 31. Bxe7 Qxe7 32. a7 Re8 33. a8=Q Rxa8 34. Bxa8 Be5 35. f4 Bg7 36. Qxd6 1-0

[Event "1st Bristol NY Open Tournament"]
[Site "Bristol Bridge & Clifton Chess"]
[Date "2024.12.29"]
[Round "5.6"]
[White "Baer, Bruce L"]
[Black "Dilleigh, Stephen P"]
[Result "0-1"]
[WhiteElo "1959"]
[BlackElo "2040"]
[PlyCount "58"]
[GameId "2138255546679707"]
[EventDate "2024.12.27"]
[SourceTitle "Bristol_NY24_Fide_Open"]
[Source "David Tipper"]
[SourceDate "2025.02.16"]
[SourceVersion "1"]
[SourceVersionDate "2025.02.16"]
[SourceQuality "2"]

1. Nf3 d5 2. d3 Nf6 3. g3 Nbd7 4. Bg2 e5 5. O-O Be7 6. Nbd2 O-O 7. e4 dxe4 8. dxe4 c6 9. b3 Qc7 10. Bb2 Re8 11. a4 Bf8 12. Qe2 a5 13. Nc4 b6 14. Rfd1 Ba6 15. Qe1 Bb4 16. c3 Bf8 17. Bf1 Nc5 18. Nfd2 Nfd7 19. b4 Ne6 20. Nf3 f6 21. Rxd7 Qxd7 22. Nxb6 Qb7 23. Nxa8 Bxf1 24. Qxf1 axb4 25. cxb4 Qxb4 26. Rb1 Rxa8 27. Bxe5 Qxe4 28. Re1 Qxf3 29. Qc4 Qd5 0-1

[Event "1st Bristol NY Open Tournament"]
[Site "Bristol Bridge & Clifton Chess"]
[Date "2024.12.29"]
[Round "5.7"]
[White "Bergsson, Stefan"]
[Black "Guilfoyle, John M"]
[Result "1-0"]
[WhiteElo "2164"]
[BlackElo "1983"]
[PlyCount "103"]
[GameId "2138255546679708"]
[EventDate "2024.12.27"]
[SourceTitle "Bristol_NY24_Fide_Open"]
[Source "David Tipper"]
[SourceDate "2025.02.16"]
[SourceVersion "1"]
[SourceVersionDate "2025.02.16"]
[SourceQuality "2"]

1. d4 Nf6 2. Nf3 c5 3. c3 e6 4. Bg5 d5 5. Nbd2 h6 6. Bh4 Be7 7. e3 O-O 8. Ne5 cxd4 9. exd4 Nc6 10. f4 Bd7 11. Bd3 Ne8 12. Bxe7 Nxe7 13. Qf3 f6 14. Nxd7 Qxd7 15. O-O Nd6 16. Qh3 f5 17. Nf3 Ng6 18. Ne1 b5 19. Bc2 a5 20. Nd3 Ne4 21. a4 bxa4 22. Rxa4 Qc7 23. Qh5 Rf6 24. Qe2 Rb8 25. g3 Rb7 26. Rfa1 Ra7 27. Kg2 Ne7 28. Ne5 Nc6 29. Bxe4 fxe4 30. Nxc6 Qxc6 31. Rxa5 Rb7 32. Rc5 Qb6 33. b4 g5 34. Rc8+ Rf8 35. Rxf8+ Kxf8 36. fxg5 hxg5 37. Qh5 Rf7 38. Ra8+ Ke7 39. Qxg5+ Kd6 40. Rd8+ Kc6 41. Qg8 Kb5 42. Rc8 Rc7 43. Qf8 Rxc8 44. Qxc8 Ka4 45. Qc5 Qb7 46. b5 Kb3 47. Qb4+ Kc2 48. Qa4+ Kxc3 49. Qa5+ Kxd4 50. Qb4+ Ke5 51. b6 e3 52. Qf4# 1-0

[Event "1st Bristol NY Open Tournament"]
[Site "Bristol Bridge & Clifton Chess"]
[Date "2024.12.29"]
[Round "5.8"]
[White "Bicknell, Carl"]
[Black "Roberts, Shane"]
[Result "1/2-1/2"]
[WhiteElo "2101"]
[BlackElo "1806"]
[PlyCount "48"]
[GameId "2138255546679709"]
[EventDate "2024.12.27"]
[SourceTitle "Bristol_NY24_Fide_Open"]
[Source "David Tipper"]
[SourceDate "2025.02.16"]
[SourceVersion "1"]
[SourceVersionDate "2025.02.16"]
[SourceQuality "2"]

1. e4 d6 2. d4 Nf6 3. Nc3 g6 4. Be3 c6 5. Qd2 b5 6. f3 Nbd7 7. a4 b4 8. Nce2 a5 9. g4 e5 10. c3 d5 11. g5 Nh5 12. Ng3 Nxg3 13. hxg3 Bb7 14. exd5 cxd5 15. Bb5 e4 16. Nh3 Rc8 17. fxe4 bxc3 18. bxc3 Rxc3 19. O-O Bb4 20. e5 O-O 21. Qe2 Qe7 22. Bxd7 Qxd7 23. Nf2 Qe6 24. Qf3 Bc8 1/2-1/2

[Event "1st Bristol NY Open Tournament"]
[Site "Bristol Bridge & Clifton Chess"]
[Date "2024.12.29"]
[Round "5.9"]
[White "Meek, Stephen J"]
[Black "Kong, Emma"]
[Result "1-0"]
[WhiteElo "1962"]
[BlackElo "1772"]
[PlyCount "103"]
[GameId "2138255546679710"]
[EventDate "2024.12.27"]
[SourceTitle "Bristol_NY24_Fide_Open"]
[Source "David Tipper"]
[SourceDate "2025.02.16"]
[SourceVersion "1"]
[SourceVersionDate "2025.02.16"]
[SourceQuality "2"]

{[%evp 0,103,11,25,-12,3,20,0,-4,-8,-14,-3,0,-13,9,-42,9,0,5,12,0,21,71,144,114,131,94,94,-14,66,39,67,53,40,12,28,54,116,59,59,59,25,47,61,42,72,39,40,34,42,63,21,-83,20,3,3,33,43,30,32,63,19,29,-33,115,89,120,82,135,105,197,111,106,89,100,102,190,196,222,156,132,212,102,46,112,261,279,168,358,355,275,375,399,405,508,569,556,573,993,1025,1002,1034,1111,1051,1118,1210]} 1. e4 e5 2. d4 exd4 3. Qxd4 Nc6 4. Qd3 Nf6 5. Nc3 Bb4 6. Nge2 O-O 7. Bd2 Re8 8. O-O-O Ne5 9. Qg3 d6 10. Bg5 Bxc3 11. Nxc3 Ng6 12. f4 h6 13. Bxf6 Qxf6 14. Nd5 Qd8 15. f5 Ne5 16. f6 g6 17. Bd3 c6 18. Ne7+ Rxe7 19. fxe7 Qxe7 20. Kb1 Be6 21. h3 b5 22. Rhf1 a5 23. Qe3 Kg7 24. Be2 b4 25. Rd2 c5 26. Rfd1 Rd8 27. Qg3 f6 28. b3 Kh7 29. Qf4 Kg7 30. g4 g5 31. Qg3 Qd7 32. Rxd6 Qxd6 33. Rxd6 Rxd6 34. Qe3 c4 35. c3 cxb3 36. axb3 bxc3 37. Qxc3 Kg6 38. Qxa5 Bf7 39. Kb2 Rd4 40. Qc3 Rd8 41. Bc4 Nxc4+ 42. bxc4 Rc8 43. c5 Ra8 44. e5 Ra2+ 45. Kb1 fxe5 46. Qxe5 Ra5 47. Qd6+ Kg7 48. Qd4+ Kg6 49. Qd3+ Kf6 50. Qc3+ Ke6 51. Qxa5 Bg6+ 52. Kb2 1-0

[Event "1st Bristol NY Open Tournament"]
[Site "Bristol Bridge & Clifton Chess"]
[Date "2024.12.29"]
[Round "5.10"]
[White "Pugh, Derek C"]
[Black "Northam, Lawrence"]
[Result "1/2-1/2"]
[WhiteElo "2033"]
[BlackElo "1567"]
[PlyCount "132"]
[GameId "2138255546679711"]
[EventDate "2024.12.27"]
[SourceTitle "Bristol_NY24_Fide_Open"]
[Source "David Tipper"]
[SourceDate "2025.02.16"]
[SourceVersion "1"]
[SourceVersionDate "2025.02.16"]
[SourceQuality "2"]

1. Nc3 d5 2. e4 dxe4 3. Nxe4 Nf6 4. Nxf6+ exf6 5. d4 Be6 6. Be3 Be7 7. Ne2 c5 8. dxc5 Qxd1+ 9. Rxd1 Na6 10. Nf4 Nxc5 11. Nd5 Bxd5 12. Rxd5 Ne6 13. Bb5+ Kf8 14. Rd7 a6 15. Be2 Rb8 16. Ba7 Ke8 17. Rd2 Rd8 18. Bf3 Rxd2 19. Kxd2 b5 20. Bc6+ Kd8 21. Bb6+ Kc8 22. Re1 Bd8 23. Bxd8 Rxd8+ 24. Kc1 Kc7 25. Be4 h6 26. Re3 Rd4 27. c3 Rd8 28. h4 Nc5 29. Bc2 Rd6 30. Re7+ Rd7 31. Rxd7+ Kxd7 32. Kd2 Kd6 33. Ke3 a5 34. g3 Ne6 35. a4 Kc5 36. axb5 Kxb5 37. Bb3 a4 38. Ba2 Kc5 39. Ke4 Nd8 40. f3 Nb7 41. Ke3 Nd6 42. g4 Nc4+ 43. Bxc4 Kxc4 44. Kd2 Kb3 45. Kc1 g6 46. f4 g5 47. fxg5 fxg5 48. h5 f5 49. gxf5 g4 50. Kd2 g3 51. Ke2 g2 52. Kf2 g1=Q+ 53. Kxg1 Kxb2 54. f6 a3 55. f7 a2 56. f8=Q a1=Q+ 57. Kh2 Qc1 58. Qb4+ Kc2 59. Qe4+ Kxc3 60. Qc6+ Kb2 61. Qxc1+ Kxc1 62. Kg3 Kd2 63. Kf4 Kd3 64. Kf5 Kd4 65. Kg6 Ke5 66. Kxh6 Kf6 1/2-1/2

[Event "1st Bristol NY Open Tournament"]
[Site "Bristol Bridge & Clifton Chess"]
[Date "2024.12.29"]
[Round "5.11"]
[White "Ward, Andy"]
[Black "Shepherd, Tom"]
[Result "0-1"]
[WhiteElo "1890"]
[BlackElo "1900"]
[PlyCount "44"]
[GameId "2138255546679712"]
[EventDate "2024.12.27"]
[SourceTitle "Bristol_NY24_Fide_Open"]
[Source "David Tipper"]
[SourceDate "2025.02.16"]
[SourceVersion "1"]
[SourceVersionDate "2025.02.16"]
[SourceQuality "2"]

1. c4 e6 2. Nc3 d5 3. d4 Nf6 4. cxd5 Nxd5 5. e4 Nxc3 6. bxc3 c5 7. Nf3 cxd4 8. cxd4 Bb4+ 9. Bd2 Bxd2+ 10. Qxd2 O-O 11. Bd3 Nc6 12. e5 b6 13. Qf4 Bb7 14. Bxh7+ Kxh7 15. Ng5+ Kg6 16. h4 Qxd4 17. h5+ Kh6 18. Nxf7+ Kh7 19. Ng5+ Kg8 20. Qxd4 Nxd4 21. O-O Rf5 22. f4 Rxf4 0-1

[Event "1st Bristol NY Open Tournament"]
[Site "Bristol Bridge & Clifton Chess"]
[Date "2024.12.29"]
[Round "5.12"]
[White "Hill, Alistair"]
[Black "Sharp, Nigel"]
[Result "1-0"]
[WhiteElo "2107"]
[BlackElo "1681"]
[PlyCount "75"]
[GameId "2138255546679713"]
[EventDate "2024.12.27"]
[SourceTitle "Bristol_NY24_Fide_Open"]
[Source "David Tipper"]
[SourceDate "2025.02.16"]
[SourceVersion "1"]
[SourceVersionDate "2025.02.16"]
[SourceQuality "2"]

1. c4 e6 2. g3 Nf6 3. Bg2 Nc6 4. Nf3 d5 5. cxd5 exd5 6. d4 Bb4+ 7. Nc3 O-O 8. O-O Bxc3 9. bxc3 h6 10. Rb1 Ne4 11. Bd2 Na5 12. Ne5 Nxd2 13. Qxd2 f6 14. Nd3 Nc4 15. Qd1 Rb8 16. e4 Bd7 17. exd5 Na3 18. Rb2 Nc4 19. Rb4 b5 20. Nc5 a5 21. Rb1 Bf5 22. Rc1 Re8 23. Qh5 Nd6 24. Rfe1 Re7 25. Re3 Qe8 26. Qxe8+ Rbxe8 27. Rce1 Rxe3 28. fxe3 Ne4 29. Nxe4 Bxe4 30. Bxe4 Rxe4 31. Kf2 Kf7 32. Rb1 Re8 33. Rxb5 Ke7 34. c4 Ra8 35. a4 Kd6 36. e4 g6 37. Kf3 g5 38. Kg4 1-0

[Event "1st Bristol NY Open Tournament"]
[Site "Bristol Bridge & Clifton Chess"]
[Date "2024.12.29"]
[Round "5.13"]
[White "Ashworth, Robert M"]
[Black "Plotnikov, Matvii"]
[Result "1/2-1/2"]
[WhiteElo "1860"]
[BlackElo "1640"]
[PlyCount "106"]
[GameId "2138255546679714"]
[EventDate "2024.12.27"]
[SourceTitle "Bristol_NY24_Fide_Open"]
[Source "David Tipper"]
[SourceDate "2025.02.16"]
[SourceVersion "1"]
[SourceVersionDate "2025.02.16"]
[SourceQuality "2"]

1. e4 c5 2. Nf3 Nc6 3. Bb5 Nf6 4. Bxc6 dxc6 5. d3 g6 6. O-O Bg7 7. c3 O-O 8. Be3 c4 9. e5 Ng4 10. d4 Nxe3 11. fxe3 Bf5 12. Nbd2 Bd3 13. Re1 f6 14. exf6 exf6 15. Nf1 Re8 16. N3d2 f5 17. Qf3 Re6 18. Qf4 Qe7 19. b3 b5 20. a4 Bf6 21. Qf3 Re8 22. axb5 cxb5 23. bxc4 bxc4 24. Qd5 Rd8 25. Qf3 Bg5 26. Ra4 Rc8 27. Rb4 Bxf1 28. Nxf1 Re4 29. h3 f4 30. Rb5 Bh4 31. Re2 Rf8 32. Re5 Rxe5 33. dxe5 Qxe5 34. exf4 Qxf4 35. Qxf4 Rxf4 36. g3 Rf3 37. gxh4 Rxc3 38. Kg2 Rb3 39. Rc2 c3 40. Ne3 a5 41. Kf3 a4 42. Nd5 a3 43. Kf4 Kf7 44. Nxc3 Rb4+ 45. Kg5 h6+ 46. Kxh6 Rxh4+ 47. Kg5 Rxh3 48. Ne4 Rh5+ 49. Kg4 Ra5 50. Ra2 Ke6 51. Nc3 Ke5 52. Nb1 Kd4 53. Nxa3 Re5 1/2-1/2

[Event "1st Bristol NY Open Tournament"]
[Site "Bristol Bridge & Clifton Chess"]
[Date "2024.12.29"]
[Round "5.14"]
[White "Kumar, Yuvraj"]
[Black "Saha, Soumil"]
[Result "1-0"]
[WhiteElo "1673"]
[BlackElo "1577"]
[PlyCount "55"]
[GameId "2138255546679715"]
[EventDate "2024.12.27"]
[SourceTitle "Bristol_NY24_Fide_Open"]
[Source "David Tipper"]
[SourceDate "2025.02.16"]
[SourceVersion "1"]
[SourceVersionDate "2025.02.16"]
[SourceQuality "2"]

1. e4 d6 2. d4 Nf6 3. Nc3 Nc6 4. Be3 g6 5. Qd2 Bg7 6. f3 a6 7. Nge2 b5 8. Nf4 O-O 9. h4 e5 10. dxe5 dxe5 11. Qxd8 Rxd8 12. Nfd5 Nxd5 13. Nxd5 Rxd5 14. exd5 Nb4 15. Bd3 Nxd3+ 16. cxd3 Bb7 17. Rc1 Bxd5 18. Rxc7 Bxa2 19. Ke2 Be6 20. Ra1 h6 21. Rb7 Kh7 22. Rxb5 Bf6 23. Rb6 Bxh4 24. Raxa6 Rc8 25. Rc6 Rb8 26. Rcb6 Rc8 27. Kd2 Bd8 28. Rb7 1-0

[Event "1st Bristol NY Open Tournament"]
[Site "Bristol Bridge & Clifton Chess"]
[Date "2024.12.29"]
[Round "5.15"]
[White "Mussa, Rayyan"]
[Black "Acharya, Kandara"]
[Result "0-1"]
[WhiteElo "1615"]
[BlackElo "1753"]
[PlyCount "114"]
[GameId "2138255546679716"]
[EventDate "2024.12.27"]
[SourceTitle "Bristol_NY24_Fide_Open"]
[Source "David Tipper"]
[SourceDate "2025.02.16"]
[SourceVersion "1"]
[SourceVersionDate "2025.02.16"]
[SourceQuality "2"]

1. e4 c5 2. Nf3 Nc6 3. Bb5 Nf6 4. Bxc6 dxc6 5. d3 g6 6. O-O Bg7 7. Be3 Ng4 8. Nc3 Nxe3 9. fxe3 O-O 10. h3 e5 11. a3 Qe7 12. Qe2 Be6 13. Rad1 b5 14. Qd2 Rad8 15. Ne2 Qb7 16. Qc3 Qb6 17. Nxe5 b4 18. axb4 cxb4 19. Nc4 bxc3 20. Nxb6 axb6 21. bxc3 Ra8 22. Nd4 Bxd4 23. cxd4 Ra2 24. c4 Rfa8 25. Rf2 Rxf2 26. Kxf2 Ra2+ 27. Kf3 b5 28. d5 cxd5 29. cxd5 Bd7 30. e5 Kf8 31. e4 Ke8 32. g4 Ra3 33. Ke3 b4 34. Kd4 Ba4 35. Rc1 b3 36. Kc3 Ra2 37. Rb1 g5 38. Kb4 Kd7 39. d4 b2 40. Kc3 Ra3+ 41. Kb4 Ra2 42. Kc3 Kc7 43. d6+ Kd7 44. Rxb2 Rxb2 45. Kxb2 Bd1 46. Kc3 Bf3 47. Kd3 Bg2 48. Ke3 Bxh3 49. Kf3 Bf1 50. d5 Bd3 51. Ke3 Bc2 52. Kf3 Bb1 53. Ke3 Bc2 54. Kf3 Bd1+ 55. Kg3 Be2 56. Kh3 Bf3 57. Kg3 Bxe4 0-1

[Event "1st Bristol NY Open Tournament"]
[Site "Bristol Bridge & Clifton Chess"]
[Date "2024.12.29"]
[Round "5.16"]
[White "Skalski, Sebastian"]
[Black "Mussa, Adam"]
[Result "1-0"]
[WhiteElo "1858"]
[BlackElo "1259"]
[PlyCount "49"]
[GameId "2138255546683813"]
[EventDate "2024.12.27"]
[SourceTitle "Bristol_NY24_Fide_Open"]
[Source "David Tipper"]
[SourceDate "2025.02.16"]
[SourceVersion "1"]
[SourceVersionDate "2025.02.16"]
[SourceQuality "2"]

{[%evp 0,17,11,21,-43,21,25,25,39,39,46,30,0,27,42,30,36,10,12,16]} 1. e4 e6 2. d4 d5 3. Nc3 dxe4 4. Nxe4 Nd7 5. g3 Ngf6 6. Nxf6+ Nxf6 7. Bg2 c5 8. Be3 Qb6 9. Ne2 Bd6 10. O-O O-O 11. c4 Bd7 12. dxc5 Bxc5 13. Bg5 Rfe8 14. Bxf6 gxf6 15. Nf4 e5 16. Nd5 Qe6 17. Nc7 Qe7 18. Nxa8 Rxa8 19. Bxb7 Rb8 20. Qf3 Bh3 21. Qh5 Bxf1 22. Be4 Qd6 23. Qxh7+ Kf8 24. Bd5 Qe7 25. Qh8# 1-0

[Event "1st Bristol NY Open Tournament"]
[Site "Bristol Bridge & Clifton Chess"]
[Date "2024.12.29"]
[Round "5.17"]
[White "Plotnikov, Dmytro"]
[Black "Jones, Timothy M"]
[Result "1-0"]
[WhiteElo "1712"]
[BlackElo "1828"]
[PlyCount "79"]
[GameId "2138255546683814"]
[EventDate "2024.12.27"]
[SourceTitle "Bristol_NY24_Fide_Open"]
[Source "David Tipper"]
[SourceDate "2025.02.16"]
[SourceVersion "1"]
[SourceVersionDate "2025.02.16"]
[SourceQuality "2"]

1. e4 c6 2. d4 d5 3. exd5 cxd5 4. c4 Nf6 5. Nc3 g6 6. Qb3 Bg7 7. cxd5 O-O 8. Nf3 Nbd7 9. Be3 Nb6 10. Bc4 Nxc4 11. Qxc4 a6 12. a4 Bd7 13. O-O Rc8 14. Qb3 Bf5 15. Ne5 Ne4 16. Qxb7 Nxc3 17. bxc3 Rxc3 18. Nc6 Qd7 19. Qb4 Rc2 20. Nxe7+ Kh8 21. Nxf5 Qxf5 22. Qb7 Rcc8 23. d6 a5 24. Rac1 Rcd8 25. Rc5 Qe6 26. d5 Qxd6 27. Rxa5 Qf6 28. Rb5 Rfe8 29. Qc6 Qe5 30. a5 Rc8 31. Qd7 Rcd8 32. Qxf7 Rf8 33. Qb7 Rde8 34. d6 Qc3 35. Rb3 Qc4 36. Qb5 Qe6 37. d7 Rd8 38. Rd3 Rf7 39. Rfd1 Qa2 40. Qd5 1-0

[Event "1st Bristol NY Open Tournament"]
[Site "Bristol Bridge & Clifton Chess"]
[Date "2024.12.29"]
[Round "5.18"]
[White "Bain, Oli"]
[Black "Bourne, Patrick"]
[Result "1-0"]
[WhiteElo "1696"]
[BlackElo "1365"]
[PlyCount "21"]
[GameId "2138255546683815"]
[EventDate "2024.12.27"]
[SourceTitle "Bristol_NY24_Fide_Open"]
[Source "David Tipper"]
[SourceDate "2025.02.16"]
[SourceVersion "1"]
[SourceVersionDate "2025.02.16"]
[SourceQuality "2"]

{[%evp 0,17,11,23,20,-1,18,-1,-46,1,-66,-18,34,6,-81,-66,123,92,5,-45]} 1. d4 d5 2. Nc3 Nf6 3. Bf4 c5 4. e4 cxd4 5. Qxd4 e6 6. O-O-O Nc6 7. Qa4 a6 8. Nb5 e5 9. exd5 Nxd5 10. Rxd5 Qb6 11. Be3 1-0